00501nam a2200181Ia 450000500170000000800410001702000150005808200130007310000150008624500210010126000350012230000130015765000140017065000170018494200060020195200970020799900150030420240924064320.0240331s9999 xx 000 0 und d a0140123520 bJAYa730 aJayakar, P 4aThe earth mother aNew DelhibPenguin booksc1989 a229 p ., aSociology aAnthropology cL 001040708LaWERCLbWERCLcSSCd2024-03-31l0o 732.44 JAYp101r2024-03-31w2024-03-31yL c3080d3080